[Event "MEX-ch"]
[Site "Mexico City"]
[Date "2023.11.11"]
[Round "7"]
[White "Cruz Gomez, Miguel Angel"]
[Black "Contreras Garza, Luis Eduardo"]
[Result "1/2-1/2"]
[WhiteElo "1870"]
[BlackElo "1701"]
[PlyCount "140"]
[EventDate "2023.11.07"]
[EventType "swiss"]
[EventRounds "9"]
[EventCountry "MEX"]
[SourceTitle "CB46_2023"]
[SourceDate "2023.11.15"]
[SourceVersion "1"]
[SourceVersionDate "2023.11.15"]
[SourceQuality "1"]

1. e4 c6 2. d4 d5 3. exd5 cxd5 4. Bd3 Nc6 5. c3 Nf6 6. Bf4 g6 7. Nd2 Bg7 8. Qe2 Nh5 9. Be3 0-0 10. f4 Qd6 11. Qf3 f5 12. Ne2 Be6 13. 0-0 Nf6 14. Rae1 Bf7 15. Qh3 Ng4 16. Kh1 Rab8 17. a4 Na5 18. Ng3 Qd7 19. Bb5 Qc8 20. Bg1 a6 21. Bd3 Bf6 22. Ne2 Nc4 23. Nxc4 dxc4 24. Bc2 Bd5 25. Nc1 a5 26. Re2 e6 27. Bf2 Qd8 28. Kg1 b5 29. axb5 Rxb5 30. Ba4 Rb6 31. Rfe1 Qd6 32. Qg3 Rfb8 33. h3 Nh6 34. b3 cxb3 35. Bxb3 Bxb3 36. Nxb3 Rxb3 37. Rxe6 Qf8 38. Qf3 Rb1 39. Qd5 Rxe1+ 40. Rxe1+ Kg7 41. Qxa5 Qd6 42. g3 Nf7 43. Rd1 Qc6 44. d5 Qxc3 45. Qxc3 Bxc3 46. d6 Bf6 47. Kg2 Rb7 48. Kf3 Kf8 49. g4 fxg4+ 50. hxg4 g5 51. Rd5 Rb3+ 52. Kg2 gxf4 53. d7 Nd8 54. Rf5 Kg7 55. Rxf4 Rd3 56. Rxf6 Kxf6 57. Bh4+ Ke6 58. Bxd8 Rxd7 59. Bh4 Rd3 60. Bg5 Kf7 61. Bf4 Kg6 62. Bc1 Rc3 63. Bf4 h5 64. gxh5+ Kxh5 65. Bh2 Kg4 66. Kh1 Kf3 67. Bg1 Rc8 68. Bh2 Rh8 69. Kg1 Rh7 70. Kh1 Rxh2+ 1/2-1/2

[Event "MEX-ch"]
[Site "Mexico City"]
[Date "2023.11.09"]
[Round "4"]
[White "Davalos Prieto, Abel"]
[Black "Cruz Gomez, Miguel Angel"]
[Result "1/2-1/2"]
[WhiteElo "2008"]
[BlackElo "1870"]
[PlyCount "132"]
[EventDate "2023.11.07"]
[EventType "swiss"]
[EventRounds "9"]
[EventCountry "MEX"]
[SourceTitle "CB46_2023"]
[SourceDate "2023.11.15"]
[SourceVersion "1"]
[SourceVersionDate "2023.11.15"]
[SourceQuality "1"]

1. d4 Nf6 2. Bf4 c5 3. e3 cxd4 4. exd4 Qb6 5. Nc3 a6 6. a3 d5 7. Na4 Qa7 8. Bd3 Nc6 9. c3 e6 10. b4 Be7 11. Nf3 0-0 12. 0-0 b6 13. Re1 Bd7 14. Rc1 Rfc8 15. Ne5 Nxe5 16. dxe5 Bxa4 17. Qxa4 Nd7 18. Qc2 Nf8 19. Be3 Qb8 20. Bd4 g6 21. Qe2 b5 22. Ra1 Rc6 23. a4 bxa4 24. Rxa4 Nd7 25. Rxa6 Rcxa6 26. Bxa6 Bd8 27. Bb5 Nb6 28. g3 Ra3 29. h4 Qa8 30. h5 Ra1 31. Rxa1 Qxa1+ 32. Kg2 Qa3 33. Qf3 Qa7 34. c4 dxc4 35. Qc6 Qa8 36. Qxa8 Nxa8 37. Bxc4 Nb6 38. Be2 Kg7 39. hxg6 hxg6 40. Kf3 Nd5 41. b5 Nb6 42. Ke3 Kf8 43. Bf3 Bc7 44. Bc6 Nc4+ 45. Ke4 Kg7 46. f4 Na5 47. Bc5 Nc4 48. Kd4 Nb6 49. Bd6 Bd8 50. Be4 Nd7 51. Kc4 f6 52. Bc6 Nb6+ 53. Kb4 Kf7 54. Ka5 Nc4+ 55. Ka6 g5 56. Be4 gxf4 57. gxf4 fxe5 58. fxe5 Bf6 59. b6 Nxd6 60. exd6 Be5 61. d7 Ke7 62. Bc6 Kd8 63. Kb7 Bd4 64. Bb5 e5 65. Kc6 e4 66. b7 Ba7 1/2-1/2

[Event "MEX-ch"]
[Site "Mexico City"]
[Date "2023.11.08"]
[Round "2"]
[White "Garduno Huerta, Joshua Emiliano"]
[Black "Cruz Gomez, Miguel Angel"]
[Result "1-0"]
[WhiteElo "1827"]
[BlackElo "1870"]
[PlyCount "119"]
[EventDate "2023.11.07"]
[EventType "swiss"]
[EventRounds "9"]
[EventCountry "MEX"]
[SourceTitle "CB46_2023"]
[SourceDate "2023.11.15"]
[SourceVersion "1"]
[SourceVersionDate "2023.11.15"]
[SourceQuality "1"]

1. d4 Nf6 2. c4 g6 3. Nc3 Bg7 4. e4 d6 5. Be2 0-0 6. Nf3 e5 7. 0-0 Bg4 8. Be3 Bxf3 9. Bxf3 exd4 10. Bxd4 Nc6 11. Be3 Nd7 12. Be2 Nc5 13. f3 Ne6 14. Qd2 Bd4 15. Rfd1 Qg5 16. Qxd4 Ncxd4 17. Bxg5 Nxe2+ 18. Nxe2 Nxg5 19. Nc3 Rfd8 20. Nd5 Ne6 21. Rd3 a5 22. b3 Kg7 23. Kf2 Rd7 24. Nc3 Re8 25. Rad1 Nc5 26. Rd5 Re5 27. Ke3 f6 28. Kd2 c6 29. Rxe5 dxe5+ 30. Kc2 Rxd1 31. Nxd1 Ne6 32. Ne3 Nd4+ 33. Kd3 Kf7 34. c5 Ne6 35. Kc4 Ke7 36. a3 h5 37. b4 axb4 38. axb4 Nd4 39. Kd3 Kd7 40. Nc4 Ne6 41. g3 Nd4 42. f4 Ke6 43. fxe5 fxe5 44. Na5 g5 45. Nxb7 g4 46. Na5 Kd7 47. Nc4 Nf3 48. Ke3 Ke6 49. h3 Ne1 50. hxg4 hxg4 51. Kd2 Nf3+ 52. Kd3 Kf6 53. Ne3 Nh2 54. Kc4 Ke6 55. b5 cxb5+ 56. Kxb5 Nf3 57. Kb6 Nd4 58. Nxg4 Ne2 59. c6 Nxg3 60. c7 1-0

[Event "Titled Tuesday intern op 11th Jul Late"]
[Site "Chess.com INT"]
[Date "2023.07.11"]
[Round "1"]
[White "Cruz Gomez, Miguel Angel"]
[Black "Poltorak, Sebastian"]
[Result "0-1"]
[WhiteElo "1926"]
[BlackElo "2362"]
[PlyCount "65"]
[EventDate "2023.07.11"]
[EventType "swiss (blitz)"]
[EventRounds "11"]
[EventCountry "USA"]
[SourceTitle "EXT 2024"]
[Source "ChessBase"]
[SourceDate "2023.10.10"]
[SourceVersion "1"]
[SourceVersionDate "2023.10.10"]
[SourceQuality "1"]

1. Nf3 f6 2. d4 e6 3. c4 Bb4+ 4. Bd2 Bxd2+ 5. Nbxd2 Ne7 6. e3 0-0 7. Bd3 c5 8. 0-0 cxd4 9. exd4 d5 10. c5 Nbc6 11. Re1 Qc7 12. a3 h6 13. Qe2 Bd7 14. Rac1 Rae8 15. Bb1 Nf5 16. Bxf5 exf5 17. Qd3 a6 18. Rxe8 Rxe8 19. Re1 Rxe1+ 20. Nxe1 Qf4 21. Nef3 g5 22. Qe3 Qb8 23. b4 Qc8 24. Nb3 f4 25. Qe1 Bf5 26. Nfd2 Kf7 27. f3 Bd3 28. Kf2 Qf5 29. Kg1 Bc2 30. Kf2 Bxb3 31. Nxb3 Qd3 32. Na5 Qxd4+ 33. Kf1 0-1

[Event "Titled Tuesday intern op 09th May Late"]
[Site "Chess.com INT"]
[Date "2023.05.09"]
[Round "7"]
[White "Sanchez, Roberto Daniel"]
[Black "Cruz Gomez, Miguel Angel"]
[Result "0-1"]
[WhiteElo "1966"]
[BlackElo "1950"]
[PlyCount "60"]
[EventDate "2023.05.09"]
[EventType "swiss (blitz)"]
[EventRounds "11"]
[EventCountry "USA"]
[SourceTitle "CBM 214 Extra"]
[Source "ChessBase"]
[SourceDate "2023.07.31"]
[SourceVersion "1"]
[SourceVersionDate "2023.07.31"]
[SourceQuality "1"]

1. e4 c5 2. d4 cxd4 3. c3 Nf6 4. e5 Nd5 5. Bc4 Nb6 6. Bb3 e6 7. Nf3 d6 8. exd6 Bxd6 9. cxd4 Nc6 10. Nc3 Ne7 11. 0-0 0-0 12. Qe2 Bd7 13. Ne4 Bc6 14. Nxd6 Qxd6 15. Rd1 Bd5 16. Bc2 h6 17. Qd3 f5 18. Ne5 Be4 19. Qe2 Bxc2 20. Qxc2 Rac8 21. Qb3 Rfd8 22. Bxh6 gxh6 23. Qg3+ Kh7 24. Qh4 Rg8 25. Qxh6+ Kxh6 26. Nf7+ Kh7 27. Nxd6 Rc2 28. Nxb7 Ned5 29. Rac1 Rxb2 30. Nc5 Nf4 0-1

[Event "Titled Tuesday intern op 28th Feb Early"]
[Site "Chess.com INT"]
[Date "2023.02.28"]
[Round "3"]
[White "Begunov, Konstantin"]
[Black "Cruz Gomez, Miguel Angel"]
[Result "1-0"]
[WhiteElo "2325"]
[BlackElo "1936"]
[PlyCount "41"]
[EventDate "2023.02.28"]
[EventType "swiss (blitz)"]
[EventRounds "11"]
[EventCountry "USA"]
[SourceTitle "CBM 213 Extra"]
[Source "ChessBase"]
[SourceDate "2023.05.31"]
[SourceVersion "1"]
[SourceVersionDate "2023.05.31"]
[SourceQuality "1"]

1. d4 Nf6 2. c4 e6 3. Nf3 Bb4+ 4. Nbd2 0-0 5. a3 Bxd2+ 6. Bxd2 d6 7. Bg5 Nc6 8. e3 h6 9. Bh4 Ne7 10. Bxf6 gxf6 11. Nh4 Ng6 12. Qh5 Kh7 13. Bd3 f5 14. Nf3 b6 15. g4 Bb7 16. gxf5 exf5 17. Bxf5 Qf6 18. Rg1 Rae8 19. 0-0-0 Be4 20. Ng5+ Kg7 21. Nxe4 1-0

[Event "Titled Tuesday intern op 14th Feb Late"]
[Site "Chess.com INT"]
[Date "2023.02.14"]
[Round "1"]
[White "Bilan, Danila"]
[Black "Cruz Gomez, Miguel Angel"]
[Result "1-0"]
[WhiteElo "2303"]
[BlackElo "1936"]
[PlyCount "27"]
[EventDate "2023.02.14"]
[EventType "swiss (blitz)"]
[EventRounds "11"]
[EventCountry "USA"]
[SourceTitle "CBM 212 Extra"]
[Source "ChessBase"]
[SourceDate "2023.03.31"]
[SourceVersion "1"]
[SourceVersionDate "2023.03.31"]
[SourceQuality "1"]

1. d4 Nf6 2. Nf3 e6 3. g3 b6 4. Bg2 Bb7 5. 0-0 Be7 6. c4 0-0 7. d5 exd5 8. Nh4 g6 9. cxd5 Na6 10. d6 Bxg2 11. dxe7 Qxe7 12. Nxg2 d5 13. Nc3 c6 14. Bg5 1-0

[Event "Titled Tuesday intern op 14th Feb Late"]
[Site "Chess.com INT"]
[Date "2023.02.14"]
[Round "6"]
[White "Cruz Gomez, Miguel Angel"]
[Black "Ansh, M Shah"]
[Result "0-1"]
[WhiteElo "1936"]
[BlackElo "2178"]
[PlyCount "128"]
[EventDate "2023.02.14"]
[EventType "swiss (blitz)"]
[EventRounds "11"]
[EventCountry "USA"]
[SourceTitle "CBM 212 Extra"]
[Source "ChessBase"]
[SourceDate "2023.03.31"]
[SourceVersion "1"]
[SourceVersionDate "2023.03.31"]
[SourceQuality "1"]

1. e4 c6 2. d4 d5 3. exd5 cxd5 4. Bd3 Nc6 5. c3 Nf6 6. h3 g6 7. Bf4 Bg7 8. Nf3 0-0 9. 0-0 Bf5 10. Bxf5 gxf5 11. Qd3 Ne4 12. Nbd2 e6 13. Rfe1 a6 14. Rad1 b5 15. g4 fxg4 16. hxg4 f5 17. g5 Rc8 18. a3 Ne7 19. Kg2 Ng6 20. Qe3 Nxf4+ 21. Qxf4 Qc7 22. Qxc7 Rxc7 23. Nb3 Rff7 24. Rh1 Bf8 25. Rh5 Rg7 26. Rdh1 Bd6 27. Kf1 Rg6 28. Nc1 Rcg7 29. Rg1 Be7 30. Nd3 Bd6 31. Ke2 Rb7 32. Rh6 Kg7 33. Rxg6+ hxg6 34. Rh1 Rb8 35. Rh6 Rh8 36. Rxh8 Kxh8 37. Ke3 Kg7 38. Nf4 Kf7 39. Nd3 Be7 40. Nde5+ Kg7 41. Nc6 Bxg5+ 42. Nxg5 Nxg5 43. Nb8 a5 44. Nc6 a4 45. Na7 Nf7 46. Nxb5 Nd8 47. Nd6 Nc6 48. Nb7 Na5 49. Nc5 Nc4+ 50. Kd3 Nxb2+ 51. Kc2 Nc4 52. Nxa4 Nxa3+ 53. Kb3 Nc4 54. Nb2 Nxb2 55. Kxb2 g5 56. Kc2 Kf6 57. Kd3 e5 58. Ke3 e4 59. f4 exf3 60. Kxf3 Ke6 61. Kg3 Kd6 62. Kf3 Kc6 63. Ke3 Kb5 64. Kd3 f4 0-1

[Event "Titled Tuesday intern op 14th Feb Late"]
[Site "Chess.com INT"]
[Date "2023.02.14"]
[Round "7"]
[White "Cruz Gomez, Miguel Angel"]
[Black "Li, Hui"]
[Result "1-0"]
[WhiteElo "1936"]
[BlackElo "1954"]
[PlyCount "117"]
[EventDate "2023.02.14"]
[EventType "swiss (blitz)"]
[EventRounds "11"]
[EventCountry "USA"]
[SourceTitle "CBM 212 Extra"]
[Source "ChessBase"]
[SourceDate "2023.03.31"]
[SourceVersion "1"]
[SourceVersionDate "2023.03.31"]
[SourceQuality "1"]

1. e4 e5 2. Bc4 Nf6 3. d3 c6 4. Nf3 d5 5. Bb3 Bd6 6. Nc3 dxe4 7. Ng5 0-0 8. Ncxe4 Nxe4 9. Nxe4 Bf5 10. Qf3 Bxe4 11. dxe4 Na6 12. c3 Nc5 13. Bc2 Be7 14. h4 Qd6 15. h5 Rad8 16. h6 g6 17. Rh3 Qf6 18. Qe2 Ne6 19. g3 Ng5 20. Rh1 Qf3 21. Qxf3 Nxf3+ 22. Ke2 Ng5 23. Be3 b6 24. a4 Ne6 25. a5 Bc5 26. axb6 axb6 27. Ra7 Bxe3 28. Kxe3 Ra8 29. Rha1 Rxa7 30. Rxa7 Rb8 31. Bb3 Nd8 32. Kf3 Kf8 33. Kg4 Rb7 34. Ra8 Ke7 35. Kf3 b5 36. Bc2 b4 37. c4 Ne6 38. Ke3 Rd7 39. Rh8 Nf8 40. Ba4 Rc7 41. Rg8 c5 42. Rg7 Ra7 43. b3 Ra8 44. f4 exf4+ 45. gxf4 Rd8 46. e5 Rd1 47. Ke2 Rd4 48. Ke3 Rd1 49. Bc6 Rh1 50. Bd5 Rxh6 51. Rxf7+ Ke8 52. Ra7 Rh3+ 53. Ke4 Rxb3 54. Bc6+ Kd8 55. Kd5 Rd3+ 56. Kxc5 b3 57. Bd5 Nd7+ 58. Kd6 Nb8 59. Rxh7 1-0

[Event "Titled Tuesday intern op 14th Feb Late"]
[Site "Chess.com INT"]
[Date "2023.02.14"]
[Round "5"]
[White "Pasti, Aron"]
[Black "Cruz Gomez, Miguel Angel"]
[Result "1-0"]
[WhiteElo "2370"]
[BlackElo "1936"]
[PlyCount "79"]
[EventDate "2023.02.14"]
[EventType "swiss (blitz)"]
[EventRounds "11"]
[EventCountry "USA"]
[SourceTitle "CBM 212 Extra"]
[Source "ChessBase"]
[SourceDate "2023.03.31"]
[SourceVersion "1"]
[SourceVersionDate "2023.03.31"]
[SourceQuality "1"]

1. e4 c5 2. Nf3 e6 3. d4 cxd4 4. Nxd4 Nf6 5. Nc3 Nc6 6. Nxc6 bxc6 7. e5 Nd5 8. Ne4 Bb7 9. c4 Nb4 10. Bf4 c5 11. Bd3 Nxd3+ 12. Qxd3 Bxe4 13. Qxe4 Rb8 14. b3 Qa5+ 15. Bd2 Qc7 16. 0-0 Be7 17. f4 0-0 18. f5 exf5 19. Rxf5 d6 20. e6 f6 21. Raf1 Qb7 22. Rd5 g6 23. h4 f5 24. Qf4 Qc8 25. Re1 Rf6 26. Qe3 f4 27. Qe4 Qf8 28. Bc3 Rf5 29. Rxf5 Qxf5 30. Qxf5 gxf5 31. Rf1 Bxh4 32. Rxf4 Be7 33. Rxf5 Rf8 34. g4 Rxf5 35. gxf5 Bg5 36. f6 Kf8 37. Kg2 Bf4 38. Kf3 Bh2 39. Ke4 h5 40. Kd5 1-0

[Event "Titled Tuesday intern op 10th Jan Early"]
[Site "Chess.com INT"]
[Date "2023.01.10"]
[Round "3"]
[White "Fathy, Elameir"]
[Black "Cruz Gomez, Miguel Angel"]
[Result "1-0"]
[WhiteElo "2300"]
[BlackElo "1936"]
[PlyCount "50"]
[EventDate "2023.01.10"]
[EventType "swiss (blitz)"]
[EventRounds "11"]
[EventCountry "USA"]
[SourceTitle "EXT 2024"]
[Source "ChessBase"]
[SourceDate "2023.10.10"]
[SourceVersion "1"]
[SourceVersionDate "2023.10.10"]
[SourceQuality "1"]

1. d4 d5 2. c4 e5 3. Nf3 e4 4. Nfd2 c6 5. e3 Nf6 6. Nc3 Bd6 7. f3 exf3 8. Qxf3 Bg4 9. Qf2 Be6 10. Be2 0-0 11. 0-0 Nbd7 12. e4 dxe4 13. Ndxe4 Nxe4 14. Nxe4 Bc7 15. Ng5 Qe7 16. Bf4 Bb6 17. Kh1 Bf5 18. c5 Bd8 19. Rae1 Bg6 20. Bc4 Qf6 21. Qd2 b6 22. b4 a5 23. a3 axb4 24. axb4 Ra3 25. Qc1 Ra7 1-0

[Event "Titled Tuesday intern op 10th Jan Early"]
[Site "Chess.com INT"]
[Date "2023.01.10"]
[Round "2"]
[White "Jumanov, Elbek"]
[Black "Cruz Gomez, Miguel Angel"]
[Result "1-0"]
[WhiteElo "2155"]
[BlackElo "1936"]
[PlyCount "75"]
[EventDate "2023.01.10"]
[EventType "swiss (blitz)"]
[EventRounds "11"]
[EventCountry "USA"]
[SourceTitle "EXT 2024"]
[Source "ChessBase"]
[SourceDate "2023.10.10"]
[SourceVersion "1"]
[SourceVersionDate "2023.10.10"]
[SourceQuality "1"]

1. c4 e5 2. g3 Nc6 3. Bg2 f5 4. Nc3 Nf6 5. a3 g6 6. b4 Bg7 7. b5 Ne7 8. e3 d6 9. Nge2 0-0 10. 0-0 g5 11. f4 h6 12. d3 c6 13. bxc6 bxc6 14. c5 Nfd5 15. Nxd5 cxd5 16. cxd6 Qxd6 17. fxe5 Qxe5 18. Rb1 Ba6 19. Kh1 Rab8 20. Rxb8 Rxb8 21. Nd4 Kh7 22. Qc2 Rc8 23. Qb3 Rb8 24. Qc2 Rc8 25. Qd2 Rb8 26. a4 Rb6 27. Ba3 Bc8 28. Bxe7 Qxe7 29. Nxf5 Bxf5 30. Rxf5 Rb2 31. Qc1 Qb4 32. Rf1 Bc3 33. Bxd5 h5 34. Be4+ Kg7 35. Qd1 g4 36. d4 Rd2 37. Qc1 Bb2 38. Qc7+ 1-0

[Event "Titled Tuesday intern op 03rd Jan Late"]
[Site "Chess.com INT"]
[Date "2023.01.03"]
[Round "6"]
[White "Cruz Gomez, Miguel Angel"]
[Black "Horcajuelo Rocamora, Martin"]
[Result "0-1"]
[WhiteElo "1936"]
[BlackElo "2143"]
[PlyCount "68"]
[EventDate "2023.01.03"]
[EventType "swiss (blitz)"]
[EventRounds "11"]
[EventCountry "USA"]
[SourceTitle "EXT 2024"]
[Source "ChessBase"]
[SourceDate "2023.10.10"]
[SourceVersion "1"]
[SourceVersionDate "2023.10.10"]
[SourceQuality "1"]

1. Nf3 c5 2. c4 Nc6 3. Nc3 g6 4. g3 Bg7 5. Bg2 Nf6 6. 0-0 0-0 7. d4 cxd4 8. Nxd4 Nxd4 9. Qxd4 d6 10. Qd2 Rb8 11. b3 a6 12. a4 Nd7 13. Bb2 Nc5 14. Qc2 Qb6 15. Ra3 Bf5 16. e4 Be6 17. Nd5 Bxd5 18. exd5 Qb4 19. Rfa1 Bxb2 20. Qxb2 a5 21. h4 b6 22. Bf3 e5 23. dxe6 fxe6 24. Kg2 Nd3 25. Qd4 Ne5 26. Be4 Qc5 27. Rd1 Qxa3 28. f4 Nf7 29. h5 e5 30. Qd3 exf4 31. hxg6 Ne5 32. Bd5+ Kg7 33. Qc3 f3+ 34. Kf2 hxg6 0-1

[Event "Titled Tuesday intern op 03rd Jan Late"]
[Site "Chess.com INT"]
[Date "2023.01.03"]
[Round "8"]
[White "Cruz Gomez, Miguel Angel"]
[Black "Papp, Petra"]
[Result "0-1"]
[WhiteElo "1936"]
[BlackElo "2347"]
[PlyCount "68"]
[EventDate "2023.01.03"]
[EventType "swiss (blitz)"]
[EventRounds "11"]
[EventCountry "USA"]
[SourceTitle "EXT 2024"]
[Source "ChessBase"]
[SourceDate "2023.10.10"]
[SourceVersion "1"]
[SourceVersionDate "2023.10.10"]
[SourceQuality "1"]

1. Nf3 Nf6 2. c4 g6 3. Nc3 Bg7 4. g3 0-0 5. Bg2 c6 6. 0-0 d5 7. d4 e6 8. Qc2 Nbd7 9. e4 dxe4 10. Nxe4 Nxe4 11. Qxe4 Nf6 12. Qe2 Bd7 13. Bf4 Rc8 14. Rfd1 Qb6 15. Bd6 Rfe8 16. Ne5 Qd8 17. Ba3 Bf8 18. Bxf8 Rxf8 19. b4 Be8 20. Rd2 Nd7 21. Nf3 Qb6 22. a3 a5 23. c5 Qa7 24. Rb1 axb4 25. axb4 Nf6 26. Ne5 Nd5 27. Qg4 Qa3 28. b5 Nc3 29. Re1 Nxb5 30. h3 Qc3 31. Qd1 Rd8 32. Re3 Qb4 33. Re4 Nc3 34. Qe2 Nxe2+ 0-1

[Event "Titled Tuesday intern op 03rd Jan Late"]
[Site "Chess.com INT"]
[Date "2023.01.03"]
[Round "2"]
[White "Deac, Bogdan Daniel"]
[Black "Cruz Gomez, Miguel Angel"]
[Result "1-0"]
[WhiteElo "2700"]
[BlackElo "1936"]
[PlyCount "61"]
[EventDate "2023.01.03"]
[EventType "swiss (blitz)"]
[EventRounds "11"]
[EventCountry "USA"]
[SourceTitle "EXT 2024"]
[Source "ChessBase"]
[SourceDate "2023.10.10"]
[SourceVersion "1"]
[SourceVersionDate "2023.10.10"]
[SourceQuality "1"]

1. b3 d5 2. Bb2 Bf5 3. e3 e6 4. c4 c6 5. Nf3 Nf6 6. Be2 Nbd7 7. Nh4 Bxb1 8. Rxb1 Ne4 9. Nf3 Be7 10. 0-0 Bf6 11. d4 0-0 12. Bd3 g6 13. Qc2 Nd6 14. c5 Ne8 15. b4 Bg7 16. a4 f5 17. b5 g5 18. bxc6 bxc6 19. Bc3 g4 20. Nd2 Ndf6 21. Rb7 Rf7 22. Rfb1 Rxb7 23. Rxb7 Qc8 24. Qb1 Bh6 25. g3 Bf8 26. Ba5 h6 27. Ba6 Nh7 28. Rg7+ Nxg7 29. Bxc8 Rxc8 30. Qb7 Re8 31. Qxc6 1-0

[Event "Titled Tuesday intern op 03rd Jan Late"]
[Site "Chess.com INT"]
[Date "2023.01.03"]
[Round "7"]
[White "Hoffmann, Asa"]
[Black "Cruz Gomez, Miguel Angel"]
[Result "1-0"]
[WhiteElo "2185"]
[BlackElo "1936"]
[PlyCount "119"]
[EventDate "2023.01.03"]
[EventType "swiss (blitz)"]
[EventRounds "11"]
[EventCountry "USA"]
[SourceTitle "EXT 2024"]
[Source "ChessBase"]
[SourceDate "2023.10.10"]
[SourceVersion "1"]
[SourceVersionDate "2023.10.10"]
[SourceQuality "1"]

1. d4 d5 2. Bg5 Bf5 3. c4 c6 4. Nc3 Nf6 5. e3 Nbd7 6. f4 e6 7. Nf3 Bb4 8. Bd3 Bxd3 9. Qxd3 Qa5 10. 0-0 Bxc3 11. bxc3 Ne4 12. Rfc1 Qa6 13. a4 Nd6 14. Nd2 Nb6 15. e4 Nbxc4 16. e5 Nxd2 17. Qxd2 Ne4 18. Qe3 h6 19. Bh4 Rg8 20. c4 g5 21. fxg5 hxg5 22. Bg3 Qa5 23. Rf1 Ke7 24. Rab1 b6 25. Be1 Qxa4 26. Bb4+ Ke8 27. Bd6 Qxc4 28. Rfc1 Qa4 29. Ra1 Qb5 30. Rab1 Qa4 31. Ra1 Qb5 32. Rcb1 Qc4 33. Rxb6 axb6 34. Rxa8+ Kd7 35. Rxg8 Qc2 36. h3 g4 37. Rxg4 Qd1+ 38. Kh2 Qf1 39. Rxe4 dxe4 40. Qxe4 b5 41. Bc5 Qc4 42. Qf4 Qd5 43. Qxf7+ Kc8 44. Qf8+ Qd8 45. Qxd8+ Kxd8 46. g4 Ke8 47. g5 Kf7 48. h4 Kg6 49. Kg3 Kh5 50. Kf4 Kg6 51. Kg4 Kh7 52. h5 Kg7 53. g6 Kh6 54. Kh4 Kg7 55. Kg5 Kh8 56. Kf6 Kg8 57. h6 Kh8 58. h7 b4 59. Bf8 b3 60. Bg7# 1-0

[Event "Carlos Torre Memorial op 32nd"]
[Site "Merida"]
[Date "2022.12.19"]
[Round "6"]
[White "Vega Castaneda, Ulises Antonio"]
[Black "Cruz Gomez, Miguel Angel"]
[Result "1/2-1/2"]
[WhiteElo "1912"]
[BlackElo "1962"]
[PlyCount "59"]
[EventDate "2022.12.16"]
[EventType "swiss"]
[EventRounds "9"]
[EventCountry "MEX"]
[SourceTitle "CBM 212 Extra"]
[Source "ChessBase"]
[SourceDate "2023.03.31"]
[SourceVersion "1"]
[SourceVersionDate "2023.03.31"]
[SourceQuality "1"]

1. d4 d5 2. Nc3 c5 3. dxc5 d4 4. Ne4 f5 5. Ng3 e5 6. e4 Nf6 7. Bd3 f4 8. N3e2 Bxc5 9. g3 fxg3 10. Nxg3 Nc6 11. h3 Qd6 12. a3 Bd7 13. b4 Bb6 14. Bd2 a5 15. b5 Ne7 16. N1e2 Bc5 17. a4 Ng6 18. Nf5 Bxf5 19. exf5 Nh4 20. Ng3 Qd5 21. Qe2 Nf3+ 22. Kd1 Nxd2 23. Qxd2 Bb4 24. Qe2 Rc8 25. Ne4 0-0 26. Nxf6+ Rxf6 27. Qe4 Qc5 28. Ke2 Re8 29. f3 Qe7 30. Rag1 1/2-1/2

[Event "Carlos Torre Memorial op 32nd"]
[Site "Merida"]
[Date "2022.12.17"]
[Round "3"]
[White "Zacarias Rodriguez, Santiago"]
[Black "Cruz Gomez, Miguel Angel"]
[Result "1-0"]
[WhiteElo "2098"]
[BlackElo "1962"]
[PlyCount "83"]
[EventDate "2022.12.16"]
[EventType "swiss"]
[EventRounds "9"]
[EventCountry "MEX"]
[SourceTitle "CBM 212 Extra"]
[Source "ChessBase"]
[SourceDate "2023.03.31"]
[SourceVersion "1"]
[SourceVersionDate "2023.03.31"]
[SourceQuality "1"]

1. e4 c5 2. Nf3 e6 3. d4 cxd4 4. Nxd4 Nc6 5. Nc3 Qc7 6. Be3 a6 7. a3 Nf6 8. f4 Nxd4 9. Bxd4 Qxf4 10. g3 Qc7 11. e5 Nd5 12. Ne4 b5 13. Bd3 Bb7 14. Rf1 Be7 15. Qg4 f5 16. exf6 gxf6 17. Qh5+ Kd8 18. Nxf6 Nxf6 19. Bxf6 Bxf6 20. Rxf6 Qb6 21. 0-0-0 Rc8 22. Qg5 Kc7 23. Rf7 Bc6 24. Be4 Kb8 25. Qe5+ Qc7 26. Qxc7+ Rxc7 27. Bxc6 dxc6 28. Rdd7 Rxd7 29. Rxd7 h5 30. Kd2 Kc8 31. Re7 h4 32. g4 Rh6 33. Ke3 e5 34. Rxe5 Kd7 35. g5 Rh8 36. Kf4 h3 37. Kg4 Kd6 38. Re2 c5 39. g6 a5 40. Kg5 c4 41. g7 Rg8 42. Kg6 1-0

[Event "Carlos Torre Memorial op 32nd"]
[Site "Merida"]
[Date "2022.12.16"]
[Round "1"]
[White "Sandoval Mercado, Carlos"]
[Black "Cruz Gomez, Miguel Angel"]
[Result "1-0"]
[WhiteElo "2330"]
[BlackElo "1962"]
[PlyCount "35"]
[EventDate "2022.12.16"]
[EventType "swiss"]
[EventRounds "9"]
[EventCountry "MEX"]
[SourceTitle "CBM 212 Extra"]
[Source "ChessBase"]
[SourceDate "2023.03.31"]
[SourceVersion "1"]
[SourceVersionDate "2023.03.31"]
[SourceQuality "1"]

1. d4 d5 2. c4 e6 3. Nf3 c5 4. cxd5 exd5 5. Nc3 Nc6 6. g3 c4 7. Bg2 Bb4 8. 0-0 Nge7 9. e4 Bxc3 10. bxc3 dxe4 11. Nd2 Be6 12. Nxe4 Bd5 13. Qg4 0-0 14. Nf6+ Kh8 15. Qh4 h6 16. Bxh6 Ng6 17. Qh5 gxf6 18. Bxd5 1-0

[Event "Titled Tuesday intern op 29th Nov Late"]
[Site "Chess.com INT"]
[Date "2022.11.29"]
[Round "8"]
[White "Rosenberg, Evan"]
[Black "Cruz Gomez, Miguel Angel"]
[Result "1-0"]
[WhiteElo "1964"]
[BlackElo "1964"]
[PlyCount "101"]
[EventDate "2022.11.29"]
[EventType "swiss (blitz)"]
[EventRounds "11"]
[EventCountry "USA"]
[SourceTitle "EXT 2024"]
[Source "ChessBase"]
[SourceDate "2023.10.10"]
[SourceVersion "1"]
[SourceVersionDate "2023.10.10"]
[SourceQuality "1"]

1. d4 d5 2. Nf3 Nc6 3. Bf4 Bg4 4. c3 f6 5. h3 Bxf3 6. exf3 e5 7. dxe5 fxe5 8. Bg3 Nf6 9. Bb5 Bd6 10. c4 d4 11. c5 Bxc5 12. Bxe5 Bb4+ 13. Nd2 Qd5 14. Bxc6+ Qxc6 15. 0-0 0-0 16. Bxf6 Bxd2 17. Bxg7 Kxg7 18. Qxd2 Rad8 19. Rac1 Qd7 20. Qg5+ Kh8 21. Rfe1 Rde8 22. Re5 c6 23. Rce1 Rxe5 24. Qxe5+ Qg7 25. f4 Rd8 26. Kf1 d3 27. Rd1 Qxe5 28. fxe5 c5 29. f4 b5 30. f5 c4 31. e6 Kg7 32. g4 Kf6 33. Kf2 h5 34. Ke3 hxg4 35. hxg4 Rh8 36. Rg1 Ke5 37. Re1 Rh3+ 38. Kd2+ Kd4 39. e7 Rh2+ 40. Kd1 Rxb2 41. Re4+ Kc3 42. Ke1 d2+ 43. Ke2 Rb1 44. Re3+ Kc2 45. e8Q d1Q+ 46. Kf2 Qf1+ 47. Kg3 Qg1+ 48. Kf4 Rf1+ 49. Kg5 Qh2 50. Re2+ Kc3 51. Rxh2 1-0